Normal view
MARC view
- Field-effect transistors
Entry Topical Term
001 - CONTROL NUMBER
- control field: 104016
003 - CONTROL NUMBER IDENTIFIER
- control field: NUST
005 - DATE AND TIME OF LATEST TRANSACTION
- control field: 20221202124729.0
008 - FIXED-LENGTH DATA ELEMENTS
- fixed length control field: 221202|| aca||aabn | a|a d
040 ## - CATALOGING SOURCE
- Original cataloging agency: NUST
- Transcribing agency: NUST
150 ## - HEADING--TOPICAL TERM
- Topical term or geographic name entry element: Field-effect transistors
- General subdivision: Mathematical models
670 ## - SOURCE DATA FOUND
- Source citation: Work cat.: (NUST)182385: Divekar, Dileep. 104015, FET modeling for circuit simulation /, c1988.
